| 000 -LEADER |
| fixed length control field |
02618cam a22004097i 4500 |
| 001 - CONTROL NUMBER |
| control field |
18239594 |
| 003 - CONTROL NUMBER IDENTIFIER |
| control field |
Nust- CAS-E |
| 005 - DATE AND TIME OF LATEST TRANSACTION |
| control field |
20180118181409.0 |
| 008 - FIXED-LENGTH DATA ELEMENTS--GENERAL INFORMATION |
| fixed length control field |
140723t20152015gaua b 001 0 eng d |
| 010 ## - LIBRARY OF CONGRESS CONTROL NUMBER |
| LC control number |
2014946700 |
| 015 ## - NATIONAL BIBLIOGRAPHY NUMBER |
| National bibliography number |
GBB4B6852 |
| Source |
bnb |
| 016 7# - NATIONAL BIBLIOGRAPHIC AGENCY CONTROL NUMBER |
| Record control number |
016898643 |
| Source |
Uk |
| 020 ## - INTERNATIONAL STANDARD BOOK NUMBER |
| International Standard Book Number |
9780881737325 |
| 020 ## - INTERNATIONAL STANDARD BOOK NUMBER |
| International Standard Book Number |
0881737321 |
| 020 ## - INTERNATIONAL STANDARD BOOK NUMBER |
| International Standard Book Number |
9781498706117 |
| 020 ## - INTERNATIONAL STANDARD BOOK NUMBER |
| International Standard Book Number |
1498706118 |
| 035 ## - SYSTEM CONTROL NUMBER |
| System control number |
(OCoLC)ocn883649530 |
| 040 ## - CATALOGING SOURCE |
| Original cataloging agency |
YDXCP |
| Language of cataloging |
eng |
| Transcribing agency |
YDXCP |
| Description conventions |
rda |
| Modifying agency |
BTCTA |
| -- |
CIN |
| -- |
UKMGB |
| -- |
BDX |
| -- |
TXA |
| -- |
OCLCQ |
| -- |
DLC |
| 042 ## - AUTHENTICATION CODE |
| Authentication code |
lccopycat |
| 050 00 - LIBRARY OF CONGRESS CALL NUMBER |
| Classification number |
TH6012 |
| Item number |
.A98 2015 |
| 082 04 - DEWEY DECIMAL CLASSIFICATION NUMBER |
| Classification number |
696 |
| Edition number |
23 |
| Author Mark |
AUT 2015 |
| 245 00 - TITLE STATEMENT |
| Title |
Automated diagnostics and analytics for buildings / |
| Statement of responsibility, etc. |
editors, Barney L. Capehart and Michael R. Brambley. |
| 300 ## - PHYSICAL DESCRIPTION |
| Extent |
xxiii, 615 pages : |
| Other physical details |
illustrations ; |
| Dimensions |
29 cm |
| 500 ## - GENERAL NOTE |
| General note |
"With the widespread availability of high-speed, high-capacity microprocessors and microcomputers with high-speed communication ability, and sophisticated energy analytics software, the technology to support deployment of automated diagnostics is now available, and the opportunity to apply automated fault detection and diagnostics to every system and piece of equipment in a facility, as well as for whole buildings, is imminent. The purpose of this book is to share information with a broad audience on the state of automated fault detection and diagnostics for buildings applications, the benefits of those applications, emerging diagnostic technology, examples of field deployments, the relationship to codes and standards, automated diagnostic tools presently available, guidance on how to use automated diagnostics, and related issues"--Page 4 of cover. |
| 502 ## - DISSERTATION NOTE |
| Dissertation note |
0 |
| 504 ## - BIBLIOGRAPHY, ETC. NOTE |
| Bibliography, etc. note |
Includes bibliographical references and index. |
| 520 ## - SUMMARY, ETC. |
| Summary, etc. |
Provides information to a broad audience on the state of automated fault detection and diagnostics for buildings applications, the benefits of those applications. Covers topics such as emerging diagnostic technology, examples of field deployments, the relationship to codes and standards, automated diagnostic tools presently available, guidance on how to use automated diagnostics, and related issues. |
| 650 #0 - SUBJECT ADDED ENTRY--TOPICAL TERM |
| Topical term or geographic name entry element |
Intelligent buildings. |
| 650 #0 - SUBJECT ADDED ENTRY--TOPICAL TERM |
| Topical term or geographic name entry element |
Buildings |
| General subdivision |
Mechanical equipment |
| -- |
Automatic control. |
| 650 #0 - SUBJECT ADDED ENTRY--TOPICAL TERM |
| Topical term or geographic name entry element |
Structural analysis (Engineering) |
| 650 #0 - SUBJECT ADDED ENTRY--TOPICAL TERM |
| Topical term or geographic name entry element |
Electronic apparatus and appliances. |
| 700 1# - ADDED ENTRY--PERSONAL NAME |
| Personal name |
Capehart, B. L. |
| Fuller form of name |
(Barney L.), |
| Relator term |
editor. |
| 700 1# - ADDED ENTRY--PERSONAL NAME |
| Personal name |
Brambley, Michael R., |
| Relator term |
editor. |
| 906 ## - LOCAL DATA ELEMENT F, LDF (RLIN) |
| a |
7 |
| b |
cbc |
| c |
copycat |
| d |
2 |
| e |
ncip |
| f |
20 |
| g |
y-gencatlg |
| 942 ## - ADDED ENTRY ELEMENTS (KOHA) |
| Source of classification or shelving scheme |
|
| Koha item type |
Book |